| 000 -ლიდერი |
| ფიქსირებული სიგრძის საკონტროლო ველი |
01260nam a2200265Ia 4500 |
| 001 - საკონტროლო ნომერი |
| საკონტროლო ველი |
21189 |
| 003 - საკონტროლო ნომრის იდენტიფიკატორი |
| საკონტროლო ველი |
GE_BSU |
| 005 - ბოლო ოპერაციის თარიღი და დრო |
| საკონტროლო ველი |
20210719180014.0 |
| 008 - ფიქსირებული სიგრძის მონაცემთა ელემენტები - ზოგადი ინფორმაცია |
| ფიქსირებული სიგრძის საკონტროლო ველი |
181216s2008||||ge |||||||||||||| ||geo|| |
| 020 ## - წიგნის საერთაშორისო სტანდარტული ნომერი |
| International Standard Book Number |
9789941100499 |
| 040 ## - კატალოგიზაციის წყარო |
| Transcribing agency |
GE_BSU |
| 041 ## - ენის კოდი |
| Language code of text/sound track or separate title |
geo |
| 080 ## - უნივერსალური ათობითი კლასიფიკაციის ინდექსი |
| Universal Decimal Classification number |
340.1+321.01 თ-42 |
| 100 ## - მთავარი ჩანაწერი - პიროვნების სახელი |
| Personal name |
თეზელიშვილი, სოლომონ |
| 9 (RLIN) |
12293 |
| 245 ## - ცნობა სათაურის შესახებ |
| Title |
სახელმწიფოსა და სამართლის თეორია : |
| Remainder of title |
(ენციკლოპედიური მასალა) / |
| Statement of responsibility, etc |
სოლომონ თეზელიშვილი ; მთ. რედ. თამაზ ბარაბაძე ; რედ. თამუნა აბსანაძე. |
| 264 ## - წარმოების, გამოცემის, დისტრიბუციის და სხვა ცნობები |
| გამოცემის, წარმოების, დისტრიბუციის... ადგილი |
თბილისი : |
| გამოცემის, წარმოების, დისტრიბუციის... სახელწოდება |
მერიდიანი, |
| გამოცემის, წარმოების, დისტრიბუციის... თარიღი |
2008. |
| 300 ## - ფიზიკური აღწერა |
| Extent |
840 გვ. ; |
| Dimensions |
20 სმ. |
| 653 ## - INDEX TERM--UNCONTROLLED |
| Uncontrolled term |
სამართალი |
| 653 ## - INDEX TERM--UNCONTROLLED |
| Uncontrolled term |
სახელმწიფოს თეორია |
| 653 ## - INDEX TERM--UNCONTROLLED |
| Uncontrolled term |
სამართლის თეორია |
| 700 ## - ADDED ENTRY--PERSONAL NAME |
| Personal name |
ბარაბაძე, თამაზ |
| Relator term |
მთ. რედაქტორი |
| 9 (RLIN) |
12294 |
| 700 ## - ADDED ENTRY--PERSONAL NAME |
| Personal name |
აბსანაძე, თამუნა |
| Relator term |
რედაქტორი |
| 9 (RLIN) |
12295 |
| 942 ## - ADDED ENTRY ELEMENTS (KOHA) |
| Koha item type |
წიგნი |
| Source of classification or shelving scheme |
|